000 01256nam a22002295i 4500
001 156870
003 ES-MaACL
005 20230906210522.0
008 990909m18521858fr |||| | fre d
100 1 _aLaferrière, F.
_9128576
245 1 0 _aHistoire du droit français
_b: précédée d'une introduction sur le droit civil de Rome /
_cpar M.F. Laferrière.
260 _aParis :
_bLibrairie de Jurisprudence de Cotillon,
_c1852-1858.
300 _av. ;
_c22 cm.
505 8 _aContiene: I. Introduction. Droit des XII tables; droit prétorien; philosophie du droit - II. Droit celtique. Droit romain et gallo-romain - III. Droit germanique. Droit mérovingien et carlovingie - IV. Droit public, et droit privé du Moyen Age - V-VI. Coutumes de France dans les diverses provinces
596 _aLos v. I-III impresos por: Imp. et Librairie Génerale de Jurisprudence - Los v. IV-VI impresos por: E. Thunot et Cie.
597 _aAntep.
597 _aI. (XLVIII, 502 p.) - II. (643 p.) - III. (VIII, 535 p.) - IV. (X, 588 p.) - V. (VIII, 656 p.) - VI. (488 p.)
650 4 _aDerecho-
_zFrancia-
_vHistoria.
_9151862
650 0 0 _aDerecho romano-
_vHistoria.
_911766
752 _aFrancia -
_dParís
852 _aES-MaACL
_jF-14274-79
_z- Enc. hol.
999 _c156870
_d156870